| 000 | 01031nam a22003377a 4500 | ||
|---|---|---|---|
| 001 | 0000937 | ||
| 003 | KOHA_MİRAKIL | ||
| 005 | 20260207001225.0 | ||
| 007 | ta | ||
| 008 | 081212b2000 tu |||gr||||#||||0|tur | | ||
| 020 |
_a9754868528 _cYTL16,690000000000001 |
||
| 040 |
_aTR-BiSEU _btur _cTR-BiSEU _erda |
||
| 041 | 0 | _atur | |
| 044 | _ctu | ||
| 050 |
_aQA76.95 _b.K33 2000 |
||
| 100 | 1 | _aKabak, Mehmet. | |
| 245 | 1 |
_aTemel bilimlerde ve mühendislikte bilgisayar uygulamaları/ _cMehmet Kabak ; Mehmet Kabak. |
|
| 264 | 1 |
_aİstanbul : _bBeta _c2000 |
|
| 300 | _a350 sayfa | ||
| 336 |
_ametin _btxt _2rdacontent |
||
| 337 |
_aaracısız _bn _2rdamedia |
||
| 338 |
_acilt _bnc _2rdacarrier |
||
| 490 | 1 |
_aBeta Yayın No ; _v951. |
|
| 490 | 1 |
_aBilgisayar Dizisi ; _v193. |
|
| 500 | _aDizin var. | ||
| 650 | 0 |
_aBilgisayar Uygulamaları--Mühendislik. _93568 |
|
| 650 | 0 |
_aEngineering--Computer programs. _93569 |
|
| 830 | 1 |
_aBeta Yayın No ; _v951. _91882 |
|
| 830 | 1 |
_aBilgisayar Dizisi ; _v193. _92740 |
|
| 942 |
_2lcc _cBK |
||
| 999 |
_c932 _d932 |
||